| 000 | 00764nam a2200229Ia 4500 | ||
|---|---|---|---|
| 008 | 201221s9999||||xx |||||||||||||| ||und|| | ||
| 020 | _a7520319636 | ||
| 020 | _a9787520319638 | ||
| 041 | _achi | ||
| 050 |
_aA12 _b.C5 2018 |
||
| 100 | _aKierkegaard, Søren | ||
| 245 | 0 |
_a克尔凯郭尔文集: _b陶冶性的讲演集 / _c索伦.奥碧.克尔凯郭尔 (Søren Kierkegaard) 著; 京不特译 |
|
| 246 |
_a克爾凱郭爾文集: _b陶冶性的講演集/ |
||
| 260 |
_a北京: _b中国社会科学出版社, |
||
| 300 |
_a10 v. _b ; _c24 cm. |
||
| 650 | _aKemikaiguomi, -- (Kierkegaard, Soeren, -- 1813-1855) | ||
| 650 | _aPhilosophical thoughts. | ||
| 700 | _a京不特 | ||
| 700 | _a索伦.奥碧.克尔凯郭尔 | ||
| 949 | _vv. 8 | ||
| 999 |
_c33588 _d33588 |
||